Central Library OPAC University of Rajshahi

Twentieth century interpretations of Lord Jim; (Record no. 17627)

MARC details
000 -LEADER
fixed length control field 00954cam a2200313 4500
001 - CONTROL NUMBER
control field 17627
003 - CONTROL NUMBER IDENTIFIER
rucl marc code BD-RjUL
005 - DATE AND TIME OF LATEST TRANSACTION
control field 20211209000153.0
008 - FIXED-LENGTH DATA ELEMENTS--GENERAL INFORMATION
fixed length control field 140217s1969 nju b 000 0 eng
020 ## - INTERNATIONAL STANDARD BOOK NUMBER
International Standard Book Number 0135406749
035 ## - SYSTEM CONTROL NUMBER
System control number (BD-RjUL)17685
040 ## - CATALOGING SOURCE
Original cataloging agency DLC
Transcribing agency DLC
Modifying agency DLC
-- BD-RjUL
Language of cataloging eng
041 ## - LANGUAGE CODE
Language code of text/sound track or separate title eng
082 00 - DEWEY DECIMAL CLASSIFICATION NUMBER
Classification number 823.912
Author mark and year TWE
100 1# - MAIN ENTRY--PERSONAL NAME
Personal name Kuehn, Robert E.,
Dates associated with a name 1932-
9 (RLIN) 54356
245 10 - TITLE STATEMENT
Title Twentieth century interpretations of Lord Jim;
Remainder of title a collection of critical essays.
Statement of responsibility, etc. Edited by Robert E. Kuehn.
260 ## - PUBLICATION, DISTRIBUTION, ETC. (IMPRINT)
Place of publication, distribution, etc. Englewood Cliffs, N.J. :
Name of publisher, distributor, etc. Prentice-Hall,
Date of publication, distribution, etc. 1969.
300 ## - PHYSICAL DESCRIPTION
Pagination iv, 120 p. ;
Size 21 cm.
350 ## - PRICE (NR) (BK AM CF MU VM SE) [OBSOLETE]
Price 4.95
490 0# - SERIES STATEMENT
Series statement Twentieth century interpretations
Series statement A Spectrum book.
504 ## - BIBLIOGRAPHY, ETC. NOTE
Bibliography, etc Includes bibliographies.
600 10 - SUBJECT ADDED ENTRY--PERSONAL NAME
Personal name Conrad, Joseph,
Dates associated with a name 1857-1924.
651 #0 - SUBJECT ADDED ENTRY--GEOGRAPHIC NAME
Geographic name Indonesia
General subdivision In literature.
9 (RLIN) 54357
942 ## - ADDED ENTRY ELEMENTS (KOHA)
Source of classification or shelving scheme Dewey Decimal Classification
Koha item type Books
Holdings
Lost status Source of classification or shelving scheme Damaged status Not for loan Collection code Permanent Location Current Location Shelving location Date acquired Source of acquisition Cost, normal purchase price Total Checkouts Full call number Date last seen Copy number Koha item type
  Dewey Decimal Classification   Not For Loan Fiction Central Library, University of Rajshahi Central Library, University of Rajshahi Reading Room 03/10/1973 Provincal Book Depot. 11.25   823.912 TWE 1969 17/02/2014 C-1 Books